MARC

LEADER 00000nam0a2200000 4500
001 113217
005 20231031121740.0
020 |a RU  |b 81-34581 
035 |a (RuTPU)RU\TPU\book\122454 
090 |a 113217 
100 |a 20070407d1980 k y0rusy5003 ca 
101 0 |a rus 
102 |a RU 
105 |a a z 001zy 
200 1 |a Надежность магистральных нефтепроводов  |e тематический сборник  |f Всесоюзный научно-исследовательский институт по сбору, подготовке и транспорту нефти и нефтепродуктов (ВНИИСПТнефть) ; под ред. А. Г. Гумерова 
210 |a Уфа  |c ВНИИСПТнефть  |d 1980 
215 |a 112 с.  |c ил. 
225 1 |a Труды ВНИИСПТнефти 
320 |a Библиография в конце статей 
610 1 |a магистральные нефтепроводы 
610 1 |a надежность 
610 1 |a информационное взаимодействие 
610 1 |a информационное обеспечение 
610 1 |a расчеты 
610 1 |a деформации 
610 1 |a подводные переходы 
610 1 |a исследование 
675 |a 622.692.4  |v 3 
702 1 |a Гумеров  |b А. Г.  |4 340 
712 0 2 |a Всесоюзный научно-исследовательский институт по сбору, подготовке и транспорту нефти и нефтепродуктов (ВНИИСПТнефть)  |2 stltpush  |3 (RuTPU)RU\TPU\col\7482 
801 0 |a RU  |b RuMRKP  |c 19950704  |g psbo 
801 1 |a RU  |b 63413507  |c 20070407  |g PSBO 
801 2 |a RU  |b 63413507  |c 20080317  |g PSBO 
942 |c BK